000 00744nam a22002297a 4500
005 20140313100407.0
008 131217b xxu||||| |||| 00| 0 eng d
020 _a9780071800716
050 _aHG 4028.C4
_b.C64 2013
100 _aCohen, Brian S.
245 _aWhat every angel investor wants you to know :
_ban insider reveals how to get smart funding for your billion dollar idea /
_cBrian Cohen, John Kador.
260 _aNew York :
_bMcGraw-Hill,
_c2013.
300 _axix, 228 p. :
_c24 cm.
504 _aIncludes Index.
521 _aBSBA
650 _aCapital investments.
650 _aInvestments.
650 _aNew business enterprises.
700 _aKador, John.
_eauthor.
942 _2lcc
_cBK
_kFOR
999 _c25862
_d25862